000
00291nam a2200121Ia 4500
008
231129s1956||||xx |||||||||||||| ||spa||
082
_a
HAJ- 0072
100
_a
Valois Arce Daniel
245
0
_a
Boceto de Jesús para profanos
260
_c
1956
264
_a
[s.l]: E.S.F.
942
_2
ddc
_c
BKS
999
_c
6240
_d
6240